| 000 | 01092nam0a2200301 4500 | ||
|---|---|---|---|
| 001 | RU\NLR\bibl\835260 | ||
| 005 | 20260406151730.0 | ||
| 010 |
_a5-88503-326-9 _916000 |
||
| 021 |
_aRU _b2005-41391 _92053 |
||
| 035 | _a(NLR Aleph) 000824103 | ||
| 090 |
_a1319654 _c1319654 |
||
| 100 | _a20050831d2005 |||y0rusy50 ca | ||
| 101 | 0 | _arus | |
| 102 | _aRU | ||
| 105 | _aa ||||||||| | ||
| 200 | 1 |
_aСкипидарные ванны и новые подходы к здоровью _fНадежда Семенова |
|
| 210 |
_aМосква _aСанкт-Петербург _cДиля _d2005 |
||
| 215 |
_a94 с. _cсхем. _d20 |
||
| 225 | 1 | _aИсцелит тебя Надежда! | |
| 606 | 1 |
_aСкипидарные ванны _91059054 _3RU\NLR\auth\66410638 |
|
| 686 | _aР354.417 | ||
| 686 | _aР281.764-6 | ||
| 700 | 1 |
_4070 _8rus _7ca _aСеменова _bН. А. _cканд. биол. наук _f1941- _gНадежда Алексеевна _3RU\NLR\auth\775491 _9115455 |
|
| 801 | 0 |
_aRU _bNLR _c20050831 _grcr |
|
| 801 | 1 |
_aRU _bNLR _c20050831 |
|
| 942 | _cBOOK | ||
| 980 | _aNB | ||